Bäume an Blättern erkennen - Statistiken

Allgemein
  • Dieses Quiz wurde 202 mal gespielt
  • Das Durchschnittsergebnis liegt bei 7 aus 16
Antwortstatistiken
Bildquiz Antwort % Korrekt
Fichte
73%
Tanne
73%
Spitzahorn
50%
Rosskastanie
48%
Linde
47%
Hainbuche
45%
Stieleiche
45%
Rotbuche
39%
Esche
38%
Pappel
37%
Robinie
35%
Birke
34%
Feldahorn
31%
Platane
30%
Ulme
21%
Silberweide
13%
Keine übereinstimmenden Quizze gefunden
Verteilung der Resultate
Anzahl Personen mit jedem Resultat
Perzentil nach korrekt beantworteten Fragen
Ihre Resultats-Entwicklung
Sie haben dieses Quiz noch nicht gespielt